000 00676nab a2200181Ia 4500
003 ES-SlBCS
005 20210601142352.0
008 140529s1986 xxu||||| |||| 00| 0 spa d
041 _aspa
100 1 _aEisenberg, Mickey S.
_9269158
245 0 0 _aMuerte súbita por fallo cardiaco
_c Mickey S. Eisenberg, Lawrence Bergner, Alfred P. Hallstrom, Richard O. Cummins
650 0 4 _aMuerte Súbita-Fallo Cardíaco
_9269159
700 1 _aBergner, Lawrence
_9269160
700 1 _aCummins, Richard O.
_9269161
700 1 _aHallstrom, Alfred P
_9269162
773 0 _tInvestigacion y Ciencia (Traducción de: Scientific American)
_gnº. 118, 1986, págs. 6-12
_wRev1650
942 _cAR
999 _c675863
_d675863